000 00525nam a2200193Ia 4500
005 20250326142506.0
008 250326s9999 xx 000 0 und d
020 _a0-471-64318-1
037 _aTextbook
040 _aFMSL
_beng
_cFMSL
041 _aeng
_2eng
084 _aX:99N N9
_qFMSL
100 _aHoribe F
_9746145
245 0 _aManaging knowledge workers
_cHoribe F
260 _aNew York
_bNew York, John Wiley & Sons
_c1999
300 _a292p
942 _cTB
_hX:99N N9
999 _c1295288
_d1295288